|
|
|
|
| LEADER |
00000cam a22000004a 4500 |
| 001 |
musev2_71284 |
| 003 |
MdBmJHUP |
| 005 |
20230905051338.0 |
| 006 |
m o d |
| 007 |
cr||||||||nn|n |
| 008 |
081112s2008 ncu o 00 0 eng d |
| 020 |
|
|
|a 9780822390367
|
| 020 |
|
|
|z 9780822341178
|
| 020 |
|
|
|z 9780822341000
|
| 035 |
|
|
|a (OCoLC)1140703458
|
| 040 |
|
|
|a MdBmJHUP
|c MdBmJHUP
|
| 100 |
1 |
|
|a McLean, Paul Douglas,
|d 1962-
|
| 245 |
1 |
4 |
|a The Art of the Network :
|b Strategic Interaction and Patronage in Renaissance Florence /
|c Paul D. McLean.
|
| 264 |
|
1 |
|a Durham [N.C.] :
|b Duke University Press,
|c 2007.
|
| 264 |
|
3 |
|a Baltimore, Md. :
|b Project MUSE,
|c 2020
|
| 264 |
|
4 |
|c ©2007.
|
| 300 |
|
|
|a 1 online resource (304 pages):
|b illustrations
|
| 336 |
|
|
|a text
|b txt
|2 rdacontent
|
| 337 |
|
|
|a computer
|b c
|2 rdamedia
|
| 338 |
|
|
|a online resource
|b cr
|2 rdacarrier
|
| 490 |
0 |
|
|a Politics, history, and culture
|
| 505 |
0 |
|
|a The principles of networking as a social process -- The rhetoric and design of Florentine letter writing -- The socially contested concept of honor -- What gets said when in patronage letters -- The dynamics of office seeking -- Friends of friends : raccomandazione as rhetoric and as constitutive principle -- Patronage and the stalled transformation of the state -- "Servants and slaves in everything and for everything" : Renaissance networking and the emergent modern self? -- Conclusion: Culture and the network.
|
| 520 |
|
|
|a A sociological study of networking that explores the relationship between networks and agency and that analyzes a rich historical antecedent of contemporary networking and the concept of self that accompanies it.
|
| 546 |
|
|
|a English.
|
| 588 |
|
|
|a Description based on print version record.
|
| 651 |
|
7 |
|a Italy
|z Florence.
|2 fast
|0 (OCoLC)fst01204699
|
| 651 |
|
0 |
|a Florence (Italy)
|x Social life and customs.
|
| 650 |
|
7 |
|a Social networks.
|2 fast
|0 (OCoLC)fst01122678
|
| 650 |
|
7 |
|a Renaissance.
|2 fast
|0 (OCoLC)fst01094518
|
| 650 |
|
7 |
|a Patronage, Political.
|2 fast
|0 (OCoLC)fst01055231
|
| 650 |
|
7 |
|a Patron and client.
|2 fast
|0 (OCoLC)fst01055220
|
| 650 |
|
7 |
|a Manners and customs.
|2 fast
|0 (OCoLC)fst01007815
|
| 650 |
|
7 |
|a Letter writing, Italian.
|2 fast
|0 (OCoLC)fst00996737
|
| 650 |
|
7 |
|a SOCIAL SCIENCE
|x Sociology
|x General.
|2 bisacsh
|
| 650 |
|
7 |
|a HISTORY
|z Europe
|z Italy.
|2 bisacsh
|
| 650 |
|
6 |
|a Renaissance
|z Italie
|z Florence.
|
| 650 |
|
6 |
|a Correspondance italienne
|x Histoire.
|
| 650 |
|
6 |
|a Patron et client
|z Italie
|z Florence
|x Histoire.
|
| 650 |
|
6 |
|a Favoritisme
|z Italie
|z Florence
|x Histoire.
|
| 650 |
|
6 |
|a Reseaux sociaux
|z Italie
|z Florence
|x Histoire.
|
| 650 |
|
0 |
|a Renaissance
|z Italy
|z Florence.
|
| 650 |
|
0 |
|a Letter writing, Italian
|x History.
|
| 650 |
|
0 |
|a Patron and client
|z Italy
|z Florence
|x History.
|
| 650 |
|
0 |
|a Patronage, Political
|z Italy
|z Florence
|x History.
|
| 650 |
|
0 |
|a Social networks
|z Italy
|z Florence
|x History.
|
| 655 |
|
7 |
|a History.
|2 fast
|0 (OCoLC)fst01411628
|
| 655 |
|
7 |
|a Electronic books.
|2 local
|
| 710 |
2 |
|
|a Project Muse.
|e distributor
|
| 830 |
|
0 |
|a Book collections on Project MUSE.
|
| 856 |
4 |
0 |
|z Texto completo
|u https://projectmuse.uam.elogim.com/book/71284/
|
| 945 |
|
|
|a Project MUSE - Custom Collection
|